[Event "4NCL Division 1 & 2"]
[Site "Milton Keynes, ENG"]
[Date "2021.11.27"]
[Round "1.138"]
[White "Camp, Imogen A L"]
[Black "Fernando, Manel"]
[Result "0-1"]
[WhiteElo "1951"]
[BlackElo "1563"]
[PlyCount "88"]
[EventDate "2021.11.27"]
[WhiteTeam "West is Best 1"]
[BlackTeam "Check Inn"]

1. d4 d5 2. c4 e6 3. Nc3 Nf6 4. Bg5 Be7 5. e3 O-O 6. Nf3 Nbd7 7. Qc2 h6 8. Bh4
c6 9. cxd5 exd5 10. Bd3 Re8 11. O-O Nf8 12. Rab1 Qd6 13. Bg3 Qd8 14. b4 Nh5 15.
Na4 Nxg3 16. hxg3 a6 17. Rfc1 h5 18. Qe2 h4 19. gxh4 Bxh4 20. Nc5 Rb8 21. Ne5
Qf6 22. a4 Bf5 23. Bxf5 Qxf5 24. b5 axb5 25. axb5 Bf6 26. Ncd3 Bxe5 27. Nxe5 c5
28. e4 dxe4 29. Rxc5 Ne6 30. Rc4 e3 31. Rf1 Nxd4 32. Rxd4 Qxe5 33. Qxe3 Qxb5
34. Qf4 Rbc8 35. Rb4 Qc6 36. Rfb1 Re7 37. Rb6 Qd5 38. R6b5 Qc6 39. Qb4 Rcc7 40.
Rb6 Qc2 41. Qa5 Rcd7 42. Rxb7 Rxb7 43. Rxb7 Qd1+ 44. Kh2 Qd6+ 0-1

[Event "4NCL Division 1 & 2"]
[Site "Milton Keynes, ENG"]
[Date "2021.11.27"]
[Round "1.141"]
[White "Willson, Ollie"]
[Black "Harakis, Alexis M"]
[Result "1/2-1/2"]
[WhiteElo "2103"]
[BlackElo "2266"]
[PlyCount "147"]
[EventDate "2021.11.27"]
[WhiteTeam "Sussex Martlets 1"]
[BlackTeam "KJCA Kings"]

1. d4 d5 2. c4 e6 3. Nf3 Nf6 4. g3 Bb4+ 5. Bd2 Be7 6. Bg2 c6 7. O-O O-O 8. Qc2
b6 9. Ne5 Bb7 10. Rd1 Na6 11. cxd5 cxd5 12. Nc6 Bxc6 13. Qxc6 Nb4 14. Qa4 b5
15. Qb3 a5 16. Rc1 Qb6 17. e3 a4 18. Qd1 Nd3 19. Rc2 b4 20. Bf1 b3 21. axb3
axb3 22. Rxa8 Rxa8 23. Rc3 Nxb2 24. Rxb3 Nxd1 25. Rxb6 Ne4 26. Be1 Rc8 27. Nd2
Ndxf2 28. Nb3 Ng4 29. Bh3 h5 30. Bxg4 hxg4 31. Nd2 Ng5 32. Rb2 Ba3 33. Ra2 Bb4
34. Rb2 Bxd2 35. Bxd2 Ra8 36. Kf2 Ra1 37. Bb4 Nf3 38. h3 Rh1 39. hxg4 Rh2+ 40.
Kxf3 Rxb2 41. Bd6 f6 42. g5 fxg5 43. Be5 g4+ 44. Kxg4 Rf2 45. Bd6 Kf7 46. Bf4
Kg6 47. Be5 Rf5 48. Bf4 Kf6 49. Bc7 Ke7 50. Be5 g6 51. Bf4 Kd7 52. Bg5 Kc6 53.
Kh4 Kd6 54. Bf4+ Ke7 55. Kg4 Kf6 56. Kf3 Rh5 57. Bc7 g5 58. Bd8+ Kg6 59. Kg4
Rh1 60. Bxg5 Rf1 61. Bf4 Re1 62. Be5 Re2 63. Bf4 Rg2 64. Be5 Rg1 65. Bf4 Rf1
66. Bg5 Kf7 67. Bf4 Ke7 68. Kg5 Rg1 69. Kg6 Rg2 70. Bg5+ Kd7 71. Bf4 Ke7 72.
Bg5+ Kd7 73. Bf4 Ke7 74. Bg5+ 1/2-1/2

[Event "4NCL Division 1 & 2"]
[Site "Milton Keynes, ENG"]
[Date "2021.11.27"]
[Round "1.142"]
[White "Young, Daniel J"]
[Black "Payne, Matthew J"]
[Result "0-1"]
[WhiteElo "1944"]
[BlackElo "2157"]
[PlyCount "64"]
[EventDate "2021.11.27"]
[WhiteTeam "KJCA Kings"]
[BlackTeam "Sussex Martlets 1"]

1. c4 Nf6 2. Nc3 g6 3. g3 Bg7 4. Bg2 O-O 5. Nf3 d6 6. d4 Nc6 7. O-O a6 8. d5
Na5 9. b3 c5 10. dxc6 bxc6 11. Bb2 Rb8 12. Qd2 Qc7 13. c5 d5 14. e4 Nxe4 15.
Nxe4 Nc4 16. bxc4 Rxb2 17. Qe3 dxe4 18. Qxe4 Bf5 19. Qe3 Rd8 20. Rad1 Rxd1 21.
Rxd1 e5 22. h3 Bf6 23. Rd6 Be7 24. Qxe5 Rb1+ 25. Kh2 f6 26. Qf4 Bxd6 27. cxd6
Qf7 28. Nd4 Bd7 29. Bxc6 Qxc4 30. Bxd7 Qf1 31. Be6+ Kg7 32. Nf5+ gxf5 0-1

[Event "4NCL Division 1 & 2"]
[Site "Milton Keynes, ENG"]
[Date "2021.11.27"]
[Round "1.143"]
[White "Brewer, Callum D"]
[Black "Verma, Shlok"]
[Result "1-0"]
[WhiteElo "2148"]
[BlackElo "1870"]
[PlyCount "63"]
[EventDate "2021.11.27"]
[WhiteTeam "Sussex Martlets 1"]
[BlackTeam "KJCA Kings"]

1. e4 e6 2. d4 d5 3. Nd2 c5 4. Ngf3 cxd4 5. exd5 Qxd5 6. Bc4 Qd7 7. O-O Nc6 8.
Nb3 Nf6 9. Qe2 a6 10. a4 Be7 11. Rd1 O-O 12. Nbxd4 Nxd4 13. Rxd4 Qc7 14. b3 Bc5
15. Rh4 Rd8 16. Bb2 Qe7 17. Bd3 h6 18. Ne5 Nd5 19. Qg4 Qg5 20. Qf3 f5 21. Rg4
Qe7 22. Rg3 Nb4 23. Nc4 Bd4 24. Bxd4 Rxd4 25. Qe3 Rxd3 26. cxd3 Nc2 27. Qe5
Nxa1 28. Nd6 Qc7 29. Qxa1 e5 30. Ne8 Qa5 31. Rxg7+ Kf8 32. Qa3+ 1-0

[Event "4NCL Division 1 & 2"]
[Site "Milton Keynes, ENG"]
[Date "2021.11.27"]
[Round "1.144"]
[White "Merriman, James"]
[Black "Blake, J Morgan"]
[Result "1/2-1/2"]
[WhiteElo "1842"]
[BlackElo "2133"]
[PlyCount "91"]
[EventDate "2021.11.27"]
[WhiteTeam "KJCA Kings"]
[BlackTeam "Sussex Martlets 1"]

1. d4 d5 2. c4 e6 3. Nc3 a6 4. cxd5 exd5 5. Nf3 c6 6. Qc2 Be6 7. Bf4 Bd6 8.
Bxd6 Qxd6 9. e3 Nd7 10. h3 Ne7 11. Bd3 g6 12. O-O Nf6 13. b4 Bf5 14. a4 O-O 15.
b5 cxb5 16. axb5 a5 17. Rfc1 Rfc8 18. Bxf5 Nxf5 19. Qb3 b6 20. Ne5 Rc7 21. Rc2
Rac8 22. Rac1 Qb4 23. Nxd5 Qxb3 24. Nxf6+ Kg7 25. Rxc7 Rxc7 26. Ne8+ Kf8 27.
Nxc7 Nd6 28. Nd7+ Ke7 29. Nxb6 Nxb5 30. Ncd5+ Kf8 31. Rc8+ Kg7 32. Ra8 Qb1+ 33.
Kh2 Nc7 34. Rxa5 Nxd5 35. Nxd5 Qb8+ 36. g3 Qb2 37. Kg2 h5 38. Rc5 Qb7 39. e4
Qb2 40. Nc3 Qd2 41. d5 h4 42. g4 f5 43. exf5 gxf5 44. Rc4 Qd3 45. Rc7+ Kf6 46.
gxf5 1/2-1/2

[Event "4NCL Division 1 & 2"]
[Site "Milton Keynes, ENG"]
[Date "2021.11.27"]
[Round "1.145"]
[White "Graham, David B"]
[Black "Skettos, Nicolas"]
[Result "1/2-1/2"]
[WhiteElo "2136"]
[BlackElo "1869"]
[PlyCount "81"]
[EventDate "2021.11.27"]
[WhiteTeam "Sussex Martlets 1"]
[BlackTeam "KJCA Kings"]

1. e4 e6 2. d4 d5 3. Nd2 c5 4. exd5 Qxd5 5. Ngf3 cxd4 6. Bc4 Qd6 7. O-O Nf6 8.
Nb3 Nc6 9. Nbxd4 Nxd4 10. Nxd4 Be7 11. Nb5 Qc6 12. Qe2 a6 13. Bf4 O-O 14. Nd4
Qc5 15. Nb3 Qc6 16. a4 b6 17. Nd4 Qc5 18. Be3 Qc7 19. Rfd1 Bb7 20. Bb3 Nd5 21.
c3 Bd6 22. Qh5 Nxe3 23. fxe3 Qc5 24. Qxc5 Bxc5 25. Kf2 g6 26. Bc4 Kg7 27. Nb3
Rfd8 28. Nxc5 bxc5 29. g3 a5 30. Ke2 Rab8 31. Rxd8 Rxd8 32. Ra3 Bc6 33. Rb3
Bxa4 34. Rb7 Rd7 35. Rb8 Bd1+ 36. Ke1 Bf3 37. Be2 Be4 38. Rb5 a4 39. Rxc5 Rb7
40. Rb5 Ra7 41. Rb4 1/2-1/2

[Event "4NCL Division 1 & 2"]
[Site "Milton Keynes, ENG"]
[Date "2021.11.27"]
[Round "1.146"]
[White "Tombolis, Christopher"]
[Black "Grant, David J"]
[Result "1-0"]
[WhiteElo "1826"]
[BlackElo "2100"]
[PlyCount "71"]
[EventDate "2021.11.27"]
[WhiteTeam "KJCA Kings"]
[BlackTeam "Sussex Martlets 1"]

1. d4 Nf6 2. c4 g6 3. Nc3 Bg7 4. e4 d6 5. Nf3 O-O 6. Be2 e5 7. O-O Nc6 8. d5
Ne7 9. Ne1 Nd7 10. Be3 f5 11. f3 f4 12. Bf2 g5 13. a4 a5 14. Nd3 b6 15. b4 axb4
16. Nxb4 h5 17. Nc6 Nxc6 18. dxc6 Nf6 19. Nd5 Kh8 20. a5 bxa5 21. Be1 g4 22.
Nxf6 Bxf6 23. fxg4 Rg8 24. gxh5 Bh4 25. c5 Qg5 26. Bf3 dxc5 27. Bxh4 Qxh4 28.
Qd5 Qe7 29. Rfc1 Bh3 30. Kh1 Rad8 31. Qa2 Rd3 32. gxh3 Rxf3 33. Rg1 Qh7 34. Qe6
Rg7 35. h6 Rxg1+ 36. Rxg1 1-0

[Event "4NCL Division 1 & 2"]
[Site "Milton Keynes, ENG"]
[Date "2021.11.27"]
[Round "1.147"]
[White "Miller, Dominic"]
[Black "Metcalfe, Charlie P"]
[Result "1-0"]
[WhiteElo "2131"]
[BlackElo "1797"]
[PlyCount "75"]
[EventDate "2021.11.27"]
[WhiteTeam "Sussex Martlets 1"]
[BlackTeam "KJCA Kings"]

1. e4 e6 2. d4 d5 3. Nc3 dxe4 4. Nxe4 Nd7 5. Nf3 Ngf6 6. Nxf6+ Nxf6 7. Bd3 c5
8. Be3 cxd4 9. Bxd4 Be7 10. O-O O-O 11. c3 Bd7 12. Re1 Bc6 13. Bc2 Qd5 14. Re5
Qd7 15. Qd3 Rfd8 16. Rae1 Qc7 17. Rg5 Qf4 18. Rxg7+ Kxg7 19. Qxh7+ Kf8 20. Qh8+
Ng8 21. Qg7+ Ke8 22. Ne5 Rxd4 23. Qxg8+ Bf8 24. cxd4 Bd5 25. Bb3 Bxb3 26. axb3
Rc8 27. g3 Qf6 28. Nxf7 Rc2 29. Nd6+ Kd8 30. Nxb7+ Kc8 31. Nd6+ Kb8 32. Ne4 Qf3
33. Qxe6 Bb4 34. Qg8+ Kc7 35. Qh7+ Kb8 36. Rf1 Rxb2 37. Rc1 Re2 38. Qc7+ 1-0

[Event "4NCL Division 1 & 2"]
[Site "Milton Keynes, ENG"]
[Date "2021.11.27"]
[Round "1.148"]
[White "Verbytski, Oleg"]
[Black "Graham, Cassie M"]
[Result "1/2-1/2"]
[WhiteElo "1400"]
[BlackElo "1998"]
[PlyCount "51"]
[EventDate "2021.11.27"]
[WhiteTeam "KJCA Kings"]
[BlackTeam "Sussex Martlets 1"]

1. e4 c5 2. Nf3 Nc6 3. d4 cxd4 4. Nxd4 g6 5. Nc3 Bg7 6. Be3 Nf6 7. Bc4 O-O 8.
Nxc6 dxc6 9. Qxd8 Rxd8 10. f3 b5 11. Bb3 Ba6 12. a3 Rd7 13. g4 Rad8 14. h4 Ne8
15. h5 Nd6 16. Kf2 Nc4 17. Bxc4 bxc4 18. Na4 Bd4 19. h6 Bxe3+ 20. Kxe3 Rd2 21.
Rac1 f6 22. Nc3 R2d6 23. Rcd1 Kf7 24. f4 Rb8 25. Na4 Rbd8 26. Nc3 1/2-1/2